Resúmenes: las principales conclusiones de 13 documentos técnicos de antecedentes
En la Conferencia internacional sobre mejor salud para la mujer y el niño mediante planificación de la familia, se obtuvieron conclusiones de varios documentos técnicos, los cuales son: 1.- Visión general de la situación de la salud de la mujer y el niño. 2.- Salva vidas de niños, la planificación...
Bewaard in:
| Formaat: | Onbekend |
|---|---|
| Taal: | Spanish |
| Onderwerpen: | |
| Tags: |
Voeg label toe
Geen labels, Wees de eerste die dit record labelt!
|
MARC
| LEADER | 00000 a2200000 04500 | ||
|---|---|---|---|
| 003 | cru CIDCACS/IIS | ||
| 005 | 20200312131528.0 | ||
| 007 | ta | ||
| 008 | 200312s1987 -us spa d | ||
| 999 | |c 42996 |d 42996 | ||
| 040 | |c cru CIDCACS/IIS | ||
| 245 | |a Resúmenes: |b las principales conclusiones de 13 documentos técnicos de antecedentes | ||
| 300 | |a páginas 1-63 | ||
| 520 | |a En la Conferencia internacional sobre mejor salud para la mujer y el niño mediante planificación de la familia, se obtuvieron conclusiones de varios documentos técnicos, los cuales son: 1.- Visión general de la situación de la salud de la mujer y el niño. 2.- Salva vidas de niños, la planificación de la familia? 3.- Los efectos de patrones de formación de la familia sobre la salud perinatal. 4.- La planificación de la familia reducirá la tasa de mortalidad infantil? 5.- Efectos directos de la planificación de la familia sobre la salud de las adolescentes. 6.- Retardando a la cigüeña: mejor salud para la mujer con planificación familiar. 7.- La formación de la familia por el destino o por diseño: estudio de las relaciones entre la supervivencia del niño y la fecundidad. 8.- Salud reproductiva y dignidad: opciones de las mujeres del Tercer Mundo. 9.- Efectos de la planificación de la familia en el mejoramiento de la eficiencia y la eficacia de los servicios de salud. 10.- Tecnología y seguridad de los anticonceptivos. 11.- El síndrome del agotamiento materno: diagnóstico o condición ecodemográfica. HB/JM | ||
| 650 | |a PLANIFICACION FAMILIAR | ||
| 650 | |a MUJERES | ||
| 650 | |a NIÑOS | ||
| 650 | |a SALUD | ||
| 650 | |a FAMILIA | ||
| 650 | |a ADOLESCENTES | ||
| 650 | |a MORTALIDAD INFANTIL | ||
| 773 | 0 | |0 42995 |9 4466 |d NUeva York: The Population Council, agosto 1987 |o MFN: 0165 |t Planificación de la familia: | |
| 942 | |2 ddc |c LI | ||
